000 00291nam a22001337a 4500
008 170424b xxu||||| |||| 00| 0 eng d
020 _a2900321592315
041 _aeng
080 _27TH
_a547
100 _a12
101 _aSHM
245 _aORGANIC CHEMISTRY
_cWADE, L.G
942 _2udc
_cBK
999 _c11644
_d11644